000 00513nam a2200205Ia 4500
999 _c45472
_d45472
001 12297
003 GE_BSU
005 20221117151048.0
008 181216s2000en xx |||||||||||||| ||eng||
020 _a9780552146821 x
040 _cGE_BSU
041 _aeng
080 _a821.111-312.4 S-52
100 _aSeymon, Gerald
_915892
245 2 _aA Line in the sand /
_cGerald Seymon
264 _aLondon :
_bCorgi books,
_c2000.
300 _a509 p.:
_b18 cm.
653 _aA Line in the sand
942 _cBK
_2udc